000 00287nam a2200121Ia 4500
008 190216s9999||||xx |||||||||||||| ||und||
100 _aSurya Narayana Iyer S And Santiagoa
245 2 _aA Text Book Of Algebra
250 _aSIXTH
260 _bNull
_c1968
300 _a408
942 _cBK
999 _c30565
_d30565